| 000 | 00387nam a22001577a 4500 | ||
|---|---|---|---|
| 999 |
_c15306 _d15306 |
||
| 020 | _a9781560327141 | ||
| 082 |
_a631.47 _bYOG/PR |
||
| 100 |
_aGOSWAMI, YOGI D _92949 |
||
| 245 | _aPrinciples of solar engineering | ||
| 250 | _a2 | ||
| 260 |
_aNew York _bTaylor & FrancisGroup _c2014 |
||
| 300 | _a694 | ||
| 700 |
_aKreith, Frank _92950 |
||
| 700 |
_aKreider, Jan F. _92951 |
||
| 942 | _cBK | ||